000 00308nam a2200133Ia 4500
008 191206s9999 xx 000 0 und d
020 _a058603403X
090 _aPR888W6F47
245 4 _aThe French Lieutenant's Woman
250 _a[1st ed.]
260 _aTriad
260 _cc1977
300 _a467 p. 25 cm.
999 _c17055
_d17055